Moderné terapeutické metódy v medicíne\\(fyzikálno-chemické aspekty)
Enregistré dans:
| Auteur principal: | |
|---|---|
| Autres auteurs: | |
| Format: | Manuscrit Livre |
| Langue: | slovaque |
| Publié: |
2016
|
| Sujets: | |
| Accès en ligne: | http://is.stuba.sk/zp/portal_zp.pl?podrobnosti=111282 |
| Tags: |
Pas de tags, Soyez le premier à ajouter un tag!
|
MARC
| LEADER | 00000ntm a22000003a 4500 | ||
|---|---|---|---|
| 001 | stuzp58215 | ||
| 003 | SK-STU | ||
| 005 | 20160719155509.7 | ||
| 007 | ta | ||
| 008 | 150427s2015----xo-----f-mn---000-0-slo-d | ||
| 040 | |a STU |b slo | ||
| 041 | 0 | |a slo | |
| 100 | 1 | |a Staňová, Veronika |u 045280 |4 aut |U FCHPT Ústav fyzikálnej chémie a chemickej fyziky |T FCHPT Oddelenie chemickej fyziky |X 65143 |U C5280 |Y 118 |7 65143 | |
| 242 | 0 | 1 | |a Modern therapeutic methods in medicine\\(physico-chemical aspects) |y eng |
| 245 | 1 | 0 | |a Moderné terapeutické metódy v medicíne\\(fyzikálno-chemické aspekty) |
| 260 | |c 2016 | ||
| 650 | 4 | |a ionizujúce žiarenie |2 slo | |
| 650 | 4 | |a laser |2 slo | |
| 650 | 4 | |a radioterapia |2 slo | |
| 650 | 4 | |a röntgenoterapia |2 slo | |
| 650 | 4 | |a ultrazvuk |2 slo | |
| 650 | 4 | |a ionizing radiation |2 eng | |
| 650 | 4 | |a laser |2 eng | |
| 650 | 4 | |a radiotherapy |2 eng | |
| 650 | 4 | |a X-ray therapy |2 eng | |
| 650 | 4 | |a ultrasound |2 eng | |
| 700 | 1 | |a Holá, Oľga |u 045280 |k Z1 |4 ths |U FCHPT Ústav fyzikálnej chémie a chemickej fyziky |T FCHPT Oddelenie chemickej fyziky |X 3315 |U C5280 |Y 118 |7 A000003315 | |
| 856 | 4 | |u http://is.stuba.sk/zp/portal_zp.pl?podrobnosti=111282 | |
| SQL | |a stuzp58215 |b DBP |c SLO |d Moderné terapeutické metódy v medicíne\\(fyzikálno-chemické aspekty) |e 65143 |f Staňová, Veronika |g 045280 |h 3315 |i Holá, Oľga |j 20160711 |k 753 |l 04 |m http://is.stuba.sk/zp/portal_zp.pl?podrobnosti=111282 |n B-CHEMAT |o 4.1.14. chémia, 5.2.18. chemické technológie | ||